| 000 | 00584nam a2200193Ia 4500 | ||
|---|---|---|---|
| 003 | GCL | ||
| 008 | 140319s9999 xx 000 0 ara d | ||
| 020 | _a4852601977 | ||
| 040 |
_aGCL / _cGCL |
||
| 082 | 0 | 4 |
_a813.01 _bع ع |
| 100 | 1 | _aعصام الزهيرى | |
| 245 | 1 | 0 |
_aعيار طائش / _cعصام الزهيرى |
| 700 | 1 | _aصبرى عبد الواحد | |
| 260 |
_aالقاهرة : _bالهيئة المصرية العامة للكتاب |
||
| 300 |
_a67 ص ؛ _c19 سم |
||
| 650 | 0 | 4 | _aالادب العربى |
| 650 | 0 | 4 | _aالقصص القصيرة |
| 942 |
_2ddc _cBK |
||
| 999 |
_c7592 _d7592 |
||